Ferozsons English to English and Urdu dictionary/ (Record no. 607352)

000 -LEADER
fixed length control field 00579nam a2200193 4500
245 00 - TITLE STATEMENT
Title Ferozsons English to English and Urdu dictionary/
250 ## - EDITION STATEMENT
Edition statement New ed.
260 ## - PUBLICATION, DISTRIBUTION, ETC.
Place of publication, distribution, etc. Lahore,
Name of publisher, distributor, etc. Ferozsons
Date of publication, distribution, etc. [1973]
300 ## - PHYSICAL DESCRIPTION
Extent 1123 p.
Dimensions 26 cm.
650 #0 - SUBJECT ADDED ENTRY--TOPICAL TERM
Topical term or geographic name entry element English language
650 #0 - SUBJECT ADDED ENTRY--TOPICAL TERM
Topical term or geographic name entry element English language
942 ## - ADDED ENTRY ELEMENTS (KOHA)
Source of classification or shelving scheme
Koha item type Reference
650 #0 - SUBJECT ADDED ENTRY--TOPICAL TERM
-- 119806
Holdings
Withdrawn status Lost status Source of classification or shelving scheme Materials specified (bound volume or other part) Damaged status Not for loan Permanent Location Current Location Date acquired Source of acquisition Total Checkouts Full call number Barcode Date last seen Price effective from Koha item type
      Donated by DD Horticulture, NUST Islamabad     Central Library (CL) Central Library (CL) 12/13/2023 Donation   491.439321 FER CL-D-2571 12/13/2023 12/13/2023 Reference
© 2023 Central Library, National University of Sciences and Technology. All Rights Reserved.